000 01490nam a2200289 a 4500
003 DO-SdBNP
005 20240704112449.0
007 ta
008 210921e2018 dr ||||gr|||| 001 1dspa d
020 _a9781615053605
040 _aDO-SdBNP
_bspa
_cBNPHU
_erda
082 4 _bV145p
_222
100 1 _aValdez, Pedro Antonio,
_d1968-
_922509
_eautor
245 1 0 _aPapeles de Astarot y todos los microrrelatos /
_cPedro Antonio Valdez.
264 _aSanto Domingo :
_bIsla Negra,
_c2018
300 _a196 páginas;
_c22 cm
336 _2rdacontent
_atexto
_btxt
337 _2rdamdia
_asin mediación
_bn
338 _2rdacarrier
_avolumen
_bnc
490 0 _aEl Rostro y la Máscara.
500 _aIncluye biografía del autor en las solapas de las cubiertas.
505 0 _acuentos sorprendentes y humanos /
_rOlga Marta pérez.--
_tContar es los que cuentan /
_rIbeth Guzmán.--
_tLa caja de dientes de un cuento: la microliteratura de Pedro Antonio Valdez /
_rEmilio del Cabral.--
_tPapeles de Astarot.--
_tLa rosa y el sudario: Saga primera, para conjugar olvidos.-- Saga segunda, De la razón ante el Santo Oficio.-- Saga tercera, De amor, o tortura venerada.-- Saga cuarta, para espíritus borrachos.-- Saga quinta, De oros.-- Saga sexta, Del lobo peludo y su extraviada mariposa.-- Saga siete, De los altares perdidos.--
_tMitología de bolsillo.--
590 _aInventariado 2021 / MF
650 4 _aCuentos dominicanos
_979987
650 4 _aLiteratura dominicana
_979988
942 _2ddc
_cLBS1
999 _c50611
_d50611